000 00513pab a2200181 454500
008 180718b1956 xxu||||| |||| 00| 0 eng d
100 _aPrasad, Jagdish
245 _aNationalisation of road transport in Uttar Pradesh
260 _c1956
300 _ap.329-338.
362 _aOct-Dec
650 _aTransport - India - Uttar Pradesh
650 _aRoad transport - India - Uttar Pradesh
650 _aRoad transport
773 _aIndian Journal of Public Administration
908 _aN
909 _a100705
999 _c100704
_d100704